[Event "West Attica-ch U12"]
[Site "Athens"]
[Date "2009.09.09"]
[Round "4"]
[White "Tolias, Panayiotis"]
[Black "Mprempos, Panayiotis"]
[Result "1-0"]
[WhiteElo "1000"]
[BlackElo "1000"]
[PlyCount "101"]
[EventDate "2009.09.08"]
[EventType "swiss"]
[EventRounds "7"]
[EventCountry "GRE"]
[SourceTitle "EXT 2011"]
[Source "ChessBase"]
[SourceDate "2010.11.26"]
[SourceVersion "1"]
[SourceVersionDate "2010.11.26"]
[SourceQuality "1"]

1. e4 e5 2. Nf3 Nc6 3. Nc3 Nf6 4. Bb5 Bb4 5. d3 h6 6. Bd2 d6 7. h3 Bd7 8. 0-0 a6 9. Bxc6 Bxc6 10. b3 0-0 11. Qc1 a5 12. Nh2 Ra6 13. Re1 Rb6 14. Bxh6 Bxc3 15. Qg5 g6 16. Bxf8 Qxf8 17. Qxf6 Bxe1 18. Rxe1 Rb5 19. Re3 Qg7 20. Qd8+ Qf8 21. Qg5 d5 22. exd5 Rxd5 23. Qh4 Qe8 24. Ng4 Qe6 25. Nf6+ Kg7 26. Nxd5 Qxd5 27. Qg3 Qxg2+ 28. Qxg2 Bxg2 29. Kxg2 f5 30. Rxe5 c6 31. Re7+ Kf6 32. Rxb7 f4 33. Ra7 c5 34. Rxa5 f3+ 35. Kxf3 Ke6 36. Rxc5 Kd6 37. b4 g5 38. a4 g4+ 39. Kxg4 Ke6 40. Kf4 Kd6 41. Ke4 Ke6 42. Rc6+ Kd7 43. Kd5 Ke7 44. Rb6 Kf7 45. Ke5 Kg7 46. Kf5 Kh7 47. Rg6 Kh8 48. Kf6 Kh7 49. Rg4 Kh8 50. Kf7 Kh7 51. Rh4# 1-0